000
00352nam a2200145Ia 4500
008
090124s9999 xx 000 0 und d
082
_b
203277
245
_a
THESTORY OF JESUS CHRIST
250
_a
0
260
_b
THOMAS VERON
_c
1980
300
_a
79
630
_a
THESTORY OF JESUS CHRIST
730
_a
THESTORY OF JESUS CHRIST
942
_c
BOOK
999
_c
184858
_d
184858